• 首页
  • 本馆介绍
  • 公告通知
  • 最新文献
  • 馆藏检索
  • 电子资源
  • 读者导购
  • 参考咨询
  • 我的图书馆
  • 登录
  • 详细信息显示
  • 放入我的书架
  • 预约/预借图书
  • 作者相关作品
  • 分类相关作品
  • 丛书相关作品
  • 出版社相关作品

书目信息

  • 表格格式
  • 工作单格式
  • 卡片格式
题名:
水污染治理与工业安全概论
    
 
作者: 黄维菊 编著
分册:  
出版信息: 北京   中国石化出版社  2012
页数: 335页
开本: 26cm
丛书名:
单 册:
中图分类: X520.6 , X931
科图分类:
主题词: 水污染防治--高等教育--教材 , 工业安全--高等教育--教材 , 水污染防治 , 工业安全
电子资源:
ISBN: 978-7-5114-1492-2
000 01164nam0 22002891 450
001 012015000560
005 20150911082503.29
010    @a978-7-5114-1492-2@dCNY42.00
100    @a20120716d2012 em y0chiy50 ea
101 0  @achi
102    @aCN@b110000
105    @ay z 000yy
106    @ar
200 1  @a水污染治理与工业安全概论@Ashui wu ran zhi li yu gong ye an quan gai lun@f黄维菊编著
210    @a北京@c中国石化出版社@d2012
215    @a335页@d26cm
300    @a普通高等教育“十二五”规划教材
330    @a全书共分两篇10章,第一篇为水污染治理概论,概括介绍水污染概念、我国水污染现状、水环境标准法规、水污染治理基本原理方法、生态净化治理、治理流程与费用估算及污水再生利用等内容;第二篇为工业安全概论,介绍了安全概念、我国工业安全现状、安全标准法规,讨论了安全与事故的关系、职业安全及伤害预防及保险在事故控制中的功能、突发公共事件应急救援等。
606 0  @a水污染防治@x高等教育@j教材
606 0  @a工业安全@x高等教育@j教材
606 0  @a水污染防治
606 0  @a工业安全
690    @aX520.6@v5
690    @aX931@v5
701  0 @a黄维菊@Ahuang wei ju@c(女,@f1957~)@4编著
801  0 @aCN@b碧洲教育@c20150718
905    @a10447@f3@dX520.6@e137
    
    水污染治理与工业安全概论/黄维菊编著.-北京:中国石化出版社,2012
    335页;26cm
    普通高等教育“十二五”规划教材
    
    ISBN 978-7-5114-1492-2:CNY42.00
    全书共分两篇10章,第一篇为水污染治理概论,概括介绍水污染概念、我国水污染现状、水环境标准法规、水污染治理基本原理方法、生态净化治理、治理流程与费用估算及污水再生利用等内容;第二篇为工业安全概论,介绍了安全概念、我国工业安全现状、安全标准法规,讨论了安全与事故的关系、职业安全及伤害预防及保险在事故控制中的功能、突发公共事件应急救援等。
●
相关链接 在E读中查询图书 在五车中查询图书 在当当中查询图书 在豆瓣中查询图书


正题名:水污染治理与工业安全概论     索取号:X520.6/137         预约/预借

序号 登录号 条形码 馆藏地/架位号 状态 备注
1 0848908   208489081   第二样本阅览室/ [索取号:X520.6/137] 在馆    
2 0848909   208489090   第三借阅区/ [索取号:X520.6/137] 在馆    
3 0848910   208489107   密集书库-化学系/ [索取号:X520.6/137] 在馆    
唐山师范学院图书馆 欢迎您!
大连网信软件有限公司© 版权所有